Statistiques concernant Les plus longs fleuves d'Océanie

Cliquez ici pour prendre le quiz!

Statistiques générales

  • Ce quiz a été pris 12 fois
  • Le résultat moyen est 2 sur 12

Statistiques - réponses

LongueursFleuves% Correct
12530 kmLe Murray
86%
21126 kmLe Sepik
29%
4425 kmLe Waikato
29%
1214 kmLa Avon
14%
8128 kmLa Hastings River
14%
7158 kmLe Mokau
14%
1180 kmLe Pomahaka
14%
10110 kmLe Waitaki
14%
6170 kmL'Oreti
14%
3710 kmLa Burdekin River
0%
9120 kmLa Rangitata River
0%
5290 kmLa Whanganui
0%

Distribution des résultats

Percentile par nombre de réponses

% des personnes avec chaque résultat

Votre développement - résultats

Vous n’avez pas pris ce quiz